000 00220nam a22000857a 4500
008 160805b xxu||||| |||| 00| 0 eng d
100 _938
_aMisra R.R
245 _aChemistry ICSE
260 _aNew Delhi
_bS.Chand Publication
_c2012
999 _c2689
_d2689